00649nam a22001815i 4500001000700000003000900007005001700016008004100033040002000074100002200094245008900116250001200205260006600217300002100283651003800304700002600342852009900368160593ES-MaACL20230906212101.0040929s1900 it |||| | ita d aCAM bspa cCAM1 aNaville, Edouard.13aLa quistione del Transvaal / cEdouard Naville ; traduzione di R.A. Gallenga Stuart. a3ยช ed. aFirenze : bR. Paggi, c1900 (ftipi di L. Franceschini e C.) a39 p. ; c19 cm. 4aTransvaal-xHistoria-y1880-1910.1 aGallenga Stuart, R.A. aES-MaACLjT-979-F-2 z-- Enc. hol., conservando la cub. original z-- Enc. en un vol. facticio